01067nam a22002657a 45000010005000000030006000050050017000110080041000280200018000690400029000870500013001160820011001291000017001402450081001572600036002383000043002744900023003175050008003405200334003485210020006825210020007026500023007226500025007457000031007705314FISKH20241125164843.0241125b cb ||||| |||| 00| 0 eng d a9780439943994 aFISKHbengcFISKHdFISKH aD743.D43 a940.53 aDeary, Terry aThe Woeful Second World War /cby Terry Deary : illustrated by Martin Brown  aLondon : bScholastic ;c1999.  a139 pages : billustrations ;c21 cm . aHorrible Histories aX  aDiscover all the foul facts about the Woeful Second World War in this classic Horrible Histories title. All the foul facts about the Woeful Second World War are ready to uncover, including: why the blitzed Brits ate chicken-fruit, sinkers and nutty what really happened in Dad's Army and how to make a rude noise with a gas mask.8 a890 bLexile 8 aX bRaz-Plus  ahumorvNon-fiction ahistoryvNon-fiction aBrown, Martindillustrator